000 00513nam a22001937a 4500
005 20240201123530.0
008 240201b |||||||| |||| 00| 0 eng d
020 _a9789350259375
041 _aeng
082 _223
_a615.1
_bTRI
100 _aTripathi,K.D.
_9204748
245 _aEssentials of Medical Pharmacology
250 _a7 Edition
260 _aJaypee Brothers Medical Publisher
_bNew Delhi
_c2013
300 _aXVI;1002P.
365 _aRs.
_b920.00
650 _aPharmacology
_9119088
942 _cDB
999 _c356993
_d356993